Marvel Cinematic Universe Villains (REAL NAMES) - Statistics

General Stats
  • This quiz has been taken 172 times
    98 since last reset
  • The average score is 31 of 52
Answer Stats
Hint Answer % Correct
Thor 1 Loki
92%
Avengers 1 Loki
92%
Iron Man 1 Obadiah Stane
86%
Captain America 2 Bucky Barnes
81%
Avengers 2 Ultron
81%
Avengers 3 Thanos
79%
Iron Man 2 Ivan Vanko
78%
Black Panther Erik Killmonger
74%
Thor 3 Hela
74%
Thor 2 Malekith
74%
Doctor Strange Dormammu
72%
Guardians of the Galaxy 2 Ego
72%
Guardians of the Galaxy Ronan
72%
Avengers 3 Ebony Maw
69%
Spider-Man: No Way Home Norman Osborn
69%
Iron Man 3 Aldrich Killian
67%
Captain America 3 Helmut Zemo
67%
Iron Man 2 Justin Hammer
67%
The Incredible Hulk Emil Blonsky
65%
The Incredible Hulk Thaddeus Ross
64%
Captain America 1 Arnim Zola
63%
Captain America 2 Arnim Zola
63%
Avengers 3 Proxima Midnight
63%
Spider-Man: No Way Home Otto Octavius
61%
Spider-Man: Far From Home Quentin Beck
61%
Doctor Strange 2 Wanda Maximoff
61%
Avengers 3 Corvus Glaive
60%
Ant-Man Darren Cross
60%
Thor 4 Gorr
60%
Black Panther 2 Namor Mckenzie
60%
Spider-Man: Homecoming Adrian Toomes
58%
Avengers 3 Cull Obsidian
58%
Thor 3 Grandmaster
58%
Thor 3 Surtur
56%
Black Panther Ulysses Klaue
56%
Doctor Strange Kaecilius
54%
Captain America 2 Alexander Pierce
53%
Thor 1 Laufey
53%
Thor 1 The Destroyer
53%
Spider-Man: No Way Home Curtis Connors
50%
Captain America 1 Johann Schmidt
50%
Eternals Kro
50%
Spider-Man: No Way Home Maxwell Dillon
50%
Shang Chi Xu Wenwu
47%
Black Widow Antonia Dreykov
43%
Black Widow Dreykov
43%
Captain Marvel Yon-Rogg
43%
Ant-Man & the Wasp Ava
39%
Captain Marvel Supreme Intelligence
32%
Ant-Man & the Wasp Sonny Burch
29%
Eternals Arishem
28%
Captain America 2 Georges Batroc
15%
No matching quizzes found
Score Distribution
Percent of People with Each Score
Percentile by Number Answered
Your Score History
You have not taken this quiz since the last reset